Tìm hiểu các quy định về Hợp đồng dân sự, Hợp đồng lao động, Hợp đồng kinh tế

保存先:
書誌詳細
第一著者: Hoàng, Trung Tiếu
フォーマット: 図書
言語:Undetermined
出版事項: Hà Nội Thống kê 1998
主題:
タグ: タグ追加
タグなし, このレコードへの初めてのタグを付けませんか!
Thư viện lưu trữ: Trung tâm Học liệu Trường Đại học Cần Thơ
LEADER 00658nam a2200193Ia 4500
001 CTU_36421
008 210402s9999 xx 000 0 und d
020 |c 32000 
082 |a 346.59702 
082 |b T309 
100 |a Hoàng, Trung Tiếu 
245 0 |a Tìm hiểu các quy định về Hợp đồng dân sự, Hợp đồng lao động, Hợp đồng kinh tế 
245 0 |c Hoàng Trung Tiếu 
260 |a Hà Nội 
260 |b Thống kê 
260 |c 1998 
650 |a Contracts,Labor economics 
904 |i Nguyễn Quang Điền,Nguyên 
980 |a Trung tâm Học liệu Trường Đại học Cần Thơ